000 00375nam a2200109Ia 4500
008 160909s9999 xx 000 0 und d
100 _aThwaits, Anne Y.
245 _aInquiry, play, and problem solving in a process learning environment
260 _bThe University of Arizona
_c2016
650 _aEDUC/SPED
856 _uhttp://pqdtopen.proquest.com/doc/1795084421.html?FMT=ABS
999 _c305088
_d305088